| 000 | 00734cab a2200229 4500 | ||
|---|---|---|---|
| 001 | ABS40293 | ||
| 008 | 090401t1989 xxu||||| |||| 00| 0 eng d | ||
| 035 | _a(Sirsi) u22882 | ||
| 041 | _aeng | ||
| 245 | _aNorthumberland and Cumbria | ||
| 260 | _c1989 | ||
| 350 | _a0 | ||
| 490 |
_aEstates Times _v(976) 6 January 1989,9-12(4) |
||
| 520 | _aAn Estates Times survey which reports on commercial , industrial and retail development in the above areas, where the biggest growth has been in the retail sector. | ||
| 650 | _aCARLISLE | ||
| 650 | _aKENDAL | ||
| 650 | _aPENRITH | ||
| 650 | _aWORKINGTON ENTERPRISE ZONE | ||
| 690 | _aPROPERTY-COMMERCIAL PROPERTY-COMMERCIAL PROPERTY MARKET | ||
| 942 | _n0 | ||
| 948 | _c04/03/1997 | ||
| 999 |
_c15340 _d15340 |
||